000 00735nam a22001815i 4500
001 159907
003 ES-MaACL
005 20250721062639.0
008 000217q1887 fr |||| | fre d
040 _aCCPB | B
_bspa
_cCCPB | B
100 1 _aMolinari, Gustave de,
_d1819-1912
_9130029
245 1 4 _aLes lois naturelles de l´économie politique /
_cpar G. de Molinari.
260 _aParis :
_bLibrairie Guillaumin et Cie.,
_c[1887?]
300 _aVIII, 333 p. ;
_c18 cm.
650 0 7 _aEconomía
_2embne
_912006
852 _aES-MaACL
_jF-10564
_z-- Enc. pasta española
_x-- Edic.: El imp. consta en verso de la antep.: Corbeil : Typ. et Stér. Crété -- Posiblemente impreso entre 1886 y 1900
999 _c159907
_d159907